[Event "Titled Tue 24th Jun Late"]
[Site "chess.com INT"]
[Date "2025.06.24"]
[Round "11"]
[White "Morris-Suzuki, Alan H"]
[Black "Moroni, Luca Jr"]
[Result "1/2-1/2"]
[BlackTitle "GM"]
[WhiteElo "1987"]
[BlackElo "2549"]
[WhiteFideId "30933218"]
[BlackFideId "865834"]
[EventDate "2025.06.24"]

1. Nf3 g6 2. d4 Bg7 3. c4 d6 4. Nc3 Nc6 5. d5 Ne5 6. Nxe5 Bxe5 7. g3 Nf6 8. Bg2
O-O 9. O-O c5 10. Bd2 b5 11. Nxb5 Nd7 12. Rb1 Qb6 13. Nc3 Qa6 14. b3 Rb8 15. Qc2
Nf6 16. Kh1 Nh5 17. e4 Bd7 18. f4 Bg7 19. Bf3 Nf6 20. Rbe1 h5 21. e5 Bf5 22. Qc1
Ng4 23. h3 Nh6 24. Kg2 Qc8 25. Rh1 a6 26. Qd1 Qd7 27. e6 Qc8 28. Qe2 fxe6 29.
dxe6 Rf6 30. g4 Kh7 31. gxf5 Nxf5 32. Nd5 Rf8 33. Kh2 Nd4 34. Qg2 Qe8 35. Rhg1
Bh6 36. Be4 Rg8 37. Qg3 Rg7 38. Ref1 Qg8 39. Qh4 Rf8 40. Nxe7 Qxe6 41. Bxg6+ Kh8
42. f5 Qe2+ 43. Qf2 Qxd2 44. Qxd2 Bxd2 45. Nd5 Bh6 46. Kg2 Rgg8 47. Kf2 Nxf5 48.
Ke1 Nd4 49. Bxh5 Rxf1+ 50. Rxf1 Rg2 51. Rf7 Nc2+ 52. Kf1 Rd2 53. Nf6 Bg7 54. Ng4
Nd4 55. Rd7 Nf5 56. Bg6 Ng3+ 57. Ke1 Re2+ 58. Kd1 Kg8 59. Rd8+ Bf8 60. Rd7 Bg7
61. Rd8+ Bf8 62. Rd7 Bg7 1/2-1/2

[Event "Titled Tue 24th Jun Late"]
[Site "chess.com INT"]
[Date "2025.06.24"]
[Round "11"]
[White "Nguyen, Ngoc Truong Son"]
[Black "Mekhitarian, Krikor Sevag"]
[Result "0-1"]
[WhiteTitle "GM"]
[BlackTitle "GM"]
[WhiteElo "2600"]
[BlackElo "2564"]
[WhiteFideId "12401110"]
[BlackFideId "2107660"]
[EventDate "2025.06.24"]

1. e4 c5 2. c3 Nf6 3. e5 Nd5 4. Nf3 Nc6 5. d4 cxd4 6. Bc4 Nb6 7. Bb3 d5 8. cxd4
Bg4 9. Be3 e6 10. Nbd2 Be7 11. O-O O-O 12. Bc2 Bh5 13. Qb1 Bg6 14. Bxg6 fxg6 15.
Rc1 Rc8 16. g3 Qd7 17. h4 Nb4 18. Ne1 Rxc1 19. Qxc1 Rc8 20. Qd1 Nc4 21. Bg5 Bxg5
22. hxg5 Nxd2 23. Qxd2 Qb5 24. b3 a5 25. a3 Nc6 26. Qe3 Qb6 27. Rd1 Ne7 28. g4
Rc6 29. Ng2 Rc2 30. Nf4 Qc6 31. a4 Nc8 32. Kg2 Nb6 33. Nd3 Nd7 34. Rc1 Rxc1 35.
Qxc1 Qxc1 36. Nxc1 Nb8 37. Kf3 Nc6 38. Ke3 Kf7 39. Nd3 b6 40. Nf4 h6 41. Ne2 Nb4
42. Kd2 h5 43. Nf4 h4 44. Nh3 Nc6 45. Kc3 Nb4 46. f4 Nc6 47. Kd2 Nb4 48. Ng1 Nc6
49. Kd3 Nb4+ 50. Kd2 Ke7 51. Nf3 h3 52. Ke3 Nc2+ 53. Kf2 Na1 54. Kg3 Nxb3 55.
Kxh3 b5 56. axb5 a4 57. b6 Na5 0-1

[Event "Titled Tue 24th Jun Late"]
[Site "chess.com INT"]
[Date "2025.06.24"]
[Round "11"]
[White "Salinas Herrera, Pablo"]
[Black "Rosen, Eric"]
[Result "1-0"]
[WhiteTitle "GM"]
[BlackTitle "IM"]
[WhiteElo "2447"]
[BlackElo "2377"]
[WhiteFideId "3407128"]
[BlackFideId "2032562"]
[EventDate "2025.06.24"]

1. d4 e6 2. e4 d5 3. exd5 exd5 4. Nf3 Nc6 5. Bd3 Bd6 6. O-O Nge7 7. c3 Bg4 8.
Re1 Qd7 9. Nbd2 f6 10. a4 O-O 11. Nf1 Rae8 12. Ne3 Bh5 13. b4 Nd8 14. Ne5 fxe5
15. Qxh5 e4 16. Bc2 c6 17. Bd2 Ng6 18. Nf1 Ne6 19. g3 Rf7 20. Bd1 Ref8 21. Be3
Rf5 22. Qh3 Nef4 23. gxf4 Rg5+ 24. Qg3 Rxg3+ 25. fxg3 Ne7 26. Bd2 Qh3 27. Re2
Nf5 28. Ne3 Nxe3 29. Bxe3 h6 30. Rf2 Be7 31. Be2 Qe6 32. Raf1 Kh8 33. f5 Qd7 34.
a5 a6 35. Kg2 Qd8 36. g4 Bh4 37. Rf4 Bg5 38. Kg3 Qc7 39. h4 Bxf4+ 40. Bxf4 Qf7
41. Be5 Re8 42. Kf4 Kg8 43. g5 Rf8 44. Bg4 g6 45. f6 h5 46. Bh3 Re8 47. Ke3 Kf8
48. Bd6+ Kg8 49. Rf4 Kh7 50. Bc5 Kg8 51. Bf1 Rd8 52. Bg2 Rc8 53. Rf2 Rc7 54. Bh3
Qe8 55. Bd6 Rf7 56. Be5 Rf8 57. Rc2 Kf7 58. c4 Qd8 59. Bf1 Re8 60. cxd5 cxd5 61.
Rc7+ Kf8 62. Rc5 Qd7 63. Rc7 Qg4 64. Bd6+ 1-0

[Event "Titled Tue 24th Jun Late"]
[Site "chess.com INT"]
[Date "2025.06.24"]
[Round "11"]
[White "Yanev, Tihomir"]
[Black "Rogov, Matfey"]
[Result "0-1"]
[WhiteTitle "IM"]
[BlackTitle "FM"]
[WhiteElo "2354"]
[BlackElo "2348"]
[WhiteFideId "2910110"]
[BlackFideId "44191308"]
[EventDate "2025.06.24"]

1. d4 Nf6 2. c4 b6 3. f3 Bb7 4. e4 e6 5. Bd3 d5 6. cxd5 exd5 7. e5 Nfd7 8. f4 c5
9. Nf3 cxd4 10. Nxd4 Bc5 11. Be3 Nc6 12. Nf5 Bxe3 13. Nxe3 Nc5 14. O-O O-O 15.
Bxh7+ Kxh7 16. Qh5+ Kg8 17. Rf3 Bc8 18. Rg3 Ne4 19. Rf3 Nd4 20. Rf1 g6 21. Qh6
Nf5 22. Nxf5 Bxf5 23. Nc3 Nxc3 24. bxc3 Re8 25. Rad1 Qe7 26. h3 Rad8 27. Kh2 Qf8
28. Qg5 Qe7 29. Qh6 Qf8 30. Qg5 Qg7 31. g4 Be4 32. h4 Rd7 33. Rg1 Re6 34. Rd4 f6
35. exf6 Qxf6 36. Qh6 Rh7 37. Qg5 Rxh4+ 38. Kg3 Qxg5 39. fxg5 Rh7 40. c4 Rd7 41.
Rgd1 Bc2 42. R1d2 Be4 43. Rxd5 Bxd5 44. cxd5 Red6 45. Rc2 Rxd5 46. Kf4 Kf7 47.
Rc8 Rd3 48. Ke5 R7d5+ 49. Ke4 Ke6 50. Re8+ Kd7 51. Rg8 R3d4+ 52. Kf3 Rd6 53. Ke3
Kc6 54. Rg7 a5 55. Rg8 Rxg4 56. Rc8+ Kd5 57. Rb8 Rxg5 58. Kf4 Rf5+ 59. Kg4 Kc5
60. Rc8+ Kb5 61. a4+ Kb4 62. Re8 Rd4+ 63. Kg3 Rc5 64. Re6 Rc3+ 65. Kf2 Rd2+ 66.
Ke1 Rh2 67. Kd1 Rd3+ 68. Kc1 Rc3+ 69. Kb1 Rf3 70. Rxb6+ Ka3 71. Ka1 Rf1+ 72. Rb1
Ra2# 0-1

[Event "Titled Tue 24th Jun Late"]
[Site "chess.com INT"]
[Date "2025.06.24"]
[Round "11"]
[White "Raptis, Nick"]
[Black "Klepek, Witold"]
[Result "1/2-1/2"]
[WhiteTitle "FM"]
[BlackTitle "CM"]
[WhiteElo "2220"]
[BlackElo "2253"]
[WhiteFideId "2016850"]
[BlackFideId "1175068"]
[EventDate "2025.06.24"]

1. d4 Nf6 2. Nc3 e6 3. e4 d5 4. Bg5 Be7 5. e5 Nfd7 6. h4 c5 7. Bxe7 Kxe7 8. Nf3
cxd4 9. Qxd4 Nc6 10. Qf4 h6 11. O-O-O Nc5 12. Bd3 Bd7 13. Qg4 Kf8 14. h5 Qa5 15.
Kb1 Rc8 16. Rh3 Nxd3 17. cxd3 Nb4 18. Rg3 Rg8 19. a3 Rxc3 20. bxc3 Na6 21. Qd4
Qxa3 22. Rd2 Ba4 23. Rb2 Nc5 24. Nd2 Ke7 25. Qb4 Qxb4 26. cxb4 Nd7 27. d4 Bb5
28. Nb3 Nb8 29. Rc3 Nc6 30. Na5 Rb8 31. Nxc6+ bxc6 32. Ra3 a6 33. Kc2 Bc4 34.
Rg3 Kf8 35. Kc3 Rb7 36. Ra2 Bb5 37. f4 Bc4 38. Ra5 Bb5 39. Ra1 Bc4 40. Rb1 Bb5
41. Rb2 Bc4 42. Rf2 a5 43. f5 axb4+ 44. Kb2 exf5 45. Rxf5 Ra7 46. e6 f6 47. Re3
Ke7 48. Rg3 Ra2+ 49. Kb1 Kxe6 50. Rff3 Kf7 51. Rf4 Re2 52. Rfg4 Ke6 53. Rxg7 b3
54. Rg8 Kf5 55. R8g6 Ke4 56. Rxh6 Kxd4 57. Rxf6 Kc5 58. Rff3 Kb4 59. h6 Re1+ 60.
Kb2 Re2+ 61. Kb1 Re1+ 62. Kb2 Re2+ 63. Kb1 1/2-1/2

[Event "Titled Tue 24th Jun Late"]
[Site "chess.com INT"]
[Date "2025.06.24"]
[Round "11"]
[White "Gelman, Alexander"]
[Black "Rajaram, Rohan"]
[Result "0-1"]
[WhiteTitle "IM"]
[BlackTitle "CM"]
[WhiteElo "2403"]
[BlackElo "2164"]
[WhiteFideId "4118316"]
[BlackFideId "30940729"]
[EventDate "2025.06.24"]

1. d4 Nf6 2. Nc3 d5 3. Bf4 a6 4. e3 Bg4 5. f3 Bf5 6. g4 Bg6 7. h4 h6 8. Nge2
Nbd7 9. Bg3 e6 10. Nf4 Bd6 11. Qd2 c5 12. O-O-O Qc7 13. Nxg6 fxg6 14. Bxd6 Qxd6
15. Bd3 Kf7 16. g5 hxg5 17. hxg5 Nh5 18. f4 cxd4 19. exd4 Ng3 20. Rhe1 Nf5 21.
Bxf5 exf5 22. Qg2 Qxf4+ 23. Kb1 Qd6 24. Nxd5 Rhe8 25. c3 Rxe1 26. Rxe1 Re8 27.
Rxe8 Kxe8 28. a3 Kf7 29. Qf3 Qc6 30. Qg2 Nf8 31. Nf4 Qxg2 32. Nxg2 Ne6 33. Kc2
Nxg5 34. Kd3 Ne6 35. c4 g5 36. d5 Nc5+ 37. Kd4 Nb3+ 38. Ke5 f4 39. Ne1 b6 40.
Nf3 g4 41. Ng5+ Kg6 42. Kxf4 g3 43. Nf3 g2 44. Kg3 Kf5 45. Kxg2 Ke4 46. d6 Nc5
47. Kg3 Kd3 48. Kf4 Kxc4 49. Ne5+ Kd5 50. d7 Ne6+ 51. Kf5 Kd6 52. Ke4 Nc5+ 53.
Kf5 Nxd7 54. Nc4+ Kc5 55. Nd2 Kd4 56. Ke6 Nc5+ 57. Kd6 Ne4+ 58. Nxe4 Kxe4 59.
Kc6 g5 60. Kxb6 g4 61. Kxa6 g3 62. b3 g2 0-1

[Event "Titled Tue 24th Jun Late"]
[Site "chess.com INT"]
[Date "2025.06.24"]
[Round "11"]
[White "Arakelyan, Manvel"]
[Black "Bold, Andre"]
[Result "1-0"]
[WhiteTitle "FM"]
[BlackTitle "CM"]
[WhiteElo "2326"]
[BlackElo "2235"]
[WhiteFideId "13317415"]
[BlackFideId "16208471"]
[EventDate "2025.06.24"]

1. e4 c5 2. Nf3 Nc6 3. Bb5 e6 4. O-O Nge7 5. Re1 a6 6. Bf1 g6 7. c3 Bg7 8. d4
cxd4 9. cxd4 O-O 10. Nc3 b5 11. a3 Bb7 12. Bf4 d6 13. Bg5 Qd7 14. Qd2 Rac8 15.
Bh6 Rfd8 16. Bxg7 Kxg7 17. Rad1 Na5 18. h4 Nc4 19. Bxc4 Rxc4 20. h5 Ng8 21. Qf4
Qe7 22. Rd3 Qf6 23. Qg3 b4 24. axb4 Rxb4 25. Re2 a5 26. Red2 Ba6 27. Re3 Qe7 28.
Qf4 Rdb8 29. Nd1 R8b5 30. hxg6 hxg6 31. Nh2 e5 32. dxe5 Qxe5 33. Qxe5+ dxe5 34.
Nf1 Nf6 35. f3 Rc5 36. Ra3 Bxf1 37. Kxf1 a4 38. Nc3 Nh5 39. Nxa4 Rc1+ 40. Kf2
Nf4 41. Nc3 Rxb2 42. Rxb2 Nd3+ 43. Kg3 Nxb2 44. Nd5 Rc8 45. Ra7 Nd3 46. Ne3 Nf4
47. Ng4 Re8 48. Ra5 Nh5+ 49. Kf2 f6 50. Ra7+ Kg8 51. Ne3 Rf8 52. Nd5 Rf7 53. Ra6
Kg7 54. Ke3 g5 55. Kf2 Nf4 56. Ne3 Rb7 57. g3 Rb2+ 58. Kf1 Nd3 59. Nf5+ Kg6 60.
Kg1 g4 61. fxg4 Nf2 62. Ne3 1-0

[Event "Titled Tue 24th Jun Late"]
[Site "chess.com INT"]
[Date "2025.06.24"]
[Round "11"]
[White "Fadi, Marko"]
[Black "Tang, Zoey"]
[Result "1/2-1/2"]
[WhiteTitle "FM"]
[BlackTitle "FM"]
[WhiteElo "2298"]
[BlackElo "2356"]
[WhiteFideId "10605371"]
[BlackFideId "30952530"]
[EventDate "2025.06.24"]

1. b3 e5 2. Bb2 Nc6 3. e3 Nf6 4. Bb5 Bd6 5. Ne2 a6 6. Bxc6 dxc6 7. d3 O-O 8. O-O
Re8 9. e4 Bc5 10. h3 Ba7 11. Nd2 Qe7 12. Kh1 Nh5 13. f4 exf4 14. Nxf4 Ng3+ 15.
Kh2 Nxf1+ 16. Qxf1 Be3 17. Nc4 Bxf4+ 18. Qxf4 Be6 19. Qg3 f6 20. Rf1 Rf8 21. Ne3
Rae8 22. Kh1 Kh8 23. Rf4 Qd6 24. h4 b5 25. h5 Re7 26. h6 Ref7 27. hxg7+ Rxg7 28.
Qh4 Rg6 29. Rxf6 Rfxf6 30. Bxf6+ Kg8 31. Bb2 Qf8 32. Kg1 Qc5 33. Qf2 Qf8 34. Nf5
Rg5 35. Qf4 Qc5+ 36. Kf1 Rxf5 37. exf5 Qxf5 38. Qxf5 Bxf5 39. Be5 Bg4 40. Ke1
Kf7 41. Bxc7 Ke6 42. Kd2 Kd5 43. Ke3 Bf5 44. c4+ bxc4 45. bxc4+ Ke6 46. Kd4 Kd7
47. Bf4 Bg6 48. Kc3 Ke6 49. d4 Kd7 50. Kb4 Ke6 51. Kc5 Kd7 52. Kb6 Bd3 53. c5
Bb5 54. g3 Ke6 55. Ka5 Kd5 56. a4 Bd3 57. Be5 Bc2 58. Kb4 Bd1 59. Ka5 Bc2 60.
Bf6 Bd1 61. Bh8 h5 62. Bg7 Bc2 63. Kxa6 Bxa4 64. Kb6 Bb5 65. Kc7 Bd3 66. Kd7 Bb5
67. Ke7 Ke4 68. Be5 Kf5 69. Kd6 Ke4 70. Bf4 Kxd4 71. Bg5 Kc4 72. Bh4 Ba4 73. Be7
Kb5 74. Kc7 Bd1 75. Kd6 Bg4 76. Ke5 Kc4 77. Kf4 Kb5 78. Kg5 Kc4 79. Kh4 Kb5 80.
Kg5 Kc4 81. Kf6 Kb5 82. Ke5 Bf3 83. Kd6 Bg4 84. Kc7 Bf3 85. Kd6 Bg4 1/2-1/2

[Event "Titled Tue 24th Jun Late"]
[Site "chess.com INT"]
[Date "2025.06.24"]
[Round "11"]
[White "Livaic, Leon"]
[Black "Zhigalko, Sergei"]
[Result "1-0"]
[WhiteTitle "GM"]
[BlackTitle "GM"]
[WhiteElo "2550"]
[BlackElo "2572"]
[WhiteFideId "14531534"]
[BlackFideId "13502956"]
[EventDate "2025.06.24"]

1. d4 Nf6 2. c4 e6 3. Nf3 b6 4. Bf4 Bb7 5. e3 Bb4+ 6. Nfd2 O-O 7. a3 Be7 8. Nc3
d5 9. cxd5 exd5 10. Bd3 Bd6 11. Bg5 Nbd7 12. Nf3 a6 13. O-O Re8 14. b4 Qe7 15.
Qb3 Qe6 16. Bh4 Ne4 17. Rfc1 Qf5 18. Bg3 Bxg3 19. hxg3 Ndf6 20. Bxe4 dxe4 21.
Nh2 Re7 22. Rc2 Rd8 23. Rac1 Rdd7 24. a4 h5 25. b5 a5 26. Ne2 g5 27. Rc3 Nd5 28.
Rc4 Kg7 29. Qd1 Rd6 30. g4 hxg4 31. Ng3 Qe6 32. Qxg4 Qxg4 33. Nxg4 Bc8 34. Ne5
f6 35. Nc6 Re8 36. Na7 Bd7 37. Rxc7 Nxc7 38. Rxc7 Kg6 39. Ne2 f5 40. Nc3 f4 41.
Nc6 Kf5 42. d5 Kf6 43. Rb7 Bxc6 44. bxc6 Ke5 45. Rxb6 fxe3 46. fxe3 g4 47. Kf2
g3+ 48. Kxg3 Rg8+ 49. Kf2 Rdg6 50. Ne2 Rxg2+ 51. Ke1 Rh2 52. c7 Rc8 53. d6 Ke6
54. Nd4+ Kd7 55. Nb5 Rg8 56. Kf1 Rf8+ 57. Kg1 Rh5 58. Rb8 Rg5+ 59. Kh2 Rc8 60.
Rxc8 Rh5+ 61. Kg3 1-0

[Event "Titled Tue 24th Jun Late"]
[Site "chess.com INT"]
[Date "2025.06.24"]
[Round "11"]
[White "Xiong, Jeffery"]
[Black "Plichta, Kamil"]
[Result "1-0"]
[WhiteTitle "GM"]
[BlackTitle "FM"]
[WhiteElo "2639"]
[BlackElo "2361"]
[WhiteFideId "2047640"]
[BlackFideId "1141830"]
[EventDate "2025.06.24"]

1. e4 g6 2. d4 Bg7 3. Nf3 c5 4. dxc5 Qa5+ 5. c3 Nf6 6. Bd3 Qxc5 7. O-O d6 8. Re1
O-O 9. h3 Nbd7 10. a4 b6 11. a5 bxa5 12. Qa4 Bb7 13. Nbd2 Qc7 14. Qxa5 Qxa5 15.
Rxa5 Rfc8 16. Nb3 Nb6 17. Ra2 d5 18. e5 Ne4 19. Be3 Nc4 20. Bd4 f6 21. exf6 Bxf6
22. Bxf6 exf6 23. Nfd4 Kf7 24. Rea1 a6 25. Na5 Nxa5 26. Rxa5 Nc5 27. Be2 Rab8
28. R1a3 Rc7 29. f3 Bc8 30. b4 Ne6 31. Nxe6 Kxe6 32. Bxa6 Bxa6 33. Rxa6+ Ke5 34.
Rb3 h5 35. h4 g5 36. hxg5 fxg5 37. Kf2 h4 38. b5 Rc5 39. b6 Rc6 40. Ke3 Rb7 41.
Kd3 Rb8 42. Rb5 Ke6 43. Raa5 Rbxb6 44. Rxd5 Rb3 45. Rdc5 Rxc5 46. Rxc5 Kf6 47.
Rc4 Rb2 48. Rg4 Rb8 49. c4 Kf5 50. c5 Rc8 51. Kc4 Kf6 52. Kb5 Rb8+ 53. Ka6 Rc8
54. Kb6 Rb8+ 55. Kc7 Rb2 56. c6 Rc2 57. Kd7 Rd2+ 58. Kc7 Rc2 59. Kd6 Rd2+ 60.
Kc5 Ke7 61. Rxg5 Rc2+ 62. Kb6 Kd6 63. Rg6+ Ke7 64. c7 Kd7 65. Rg7+ Kd6 66. Kb7
Rb2+ 67. Kc8 h3 68. gxh3 Rf2 69. Kd8 Rxf3 70. Rg6+ Rf6 71. Rxf6+ 1-0

[Event "Titled Tue 24th Jun Late"]
[Site "chess.com INT"]
[Date "2025.06.24"]
[Round "11"]
[White "Karas, Eugenia"]
[Black "Weisz, Bryan"]
[Result "1-0"]
[WhiteTitle "WFM"]
[WhiteElo "2124"]
[BlackElo "2059"]
[WhiteFideId "463485"]
[BlackFideId "30934133"]
[EventDate "2025.06.24"]

1. Nf3 c5 2. b3 b6 3. Bb2 Bb7 4. e3 Nc6 5. Be2 Nf6 6. O-O g6 7. d4 cxd4 8. Nxd4
Bg7 9. Nd2 O-O 10. c4 d5 11. cxd5 Nxd5 12. Nxc6 Bxc6 13. Bxg7 Kxg7 14. Qc2 Rc8
15. Nc4 Nf6 16. Rfd1 Qc7 17. Rac1 Qb7 18. Bf1 Qa8 19. Qb2 Kg8 20. Ne5 Bd5 21.
Rxc8 Rxc8 22. Rc1 Rxc1 23. Qxc1 Qb8 24. Nd3 Ng4 25. g3 Qb7 26. Nf4 Bc6 27. Ba6
Qd7 28. Be2 Ne5 29. h4 h6 30. Qc3 f6 31. Qc2 g5 32. hxg5 hxg5 33. Bc4+ Kh8 34.
Ng6+ Nxg6 35. Qxg6 Qd1+ 36. Bf1 Qf3 37. Qh6+ Kg8 38. Bc4+ Bd5 39. Qg6+ Kf8 40.
Qh6+ Ke8 41. Qh8+ Kd7 42. Bxd5 Qxd5 43. Qb8 Qa5 44. a4 a6 45. Qb7+ Ke6 46. Qe4+
Kf7 47. Qc4+ Ke8 48. Kg2 b5 49. Qc6+ Kf7 50. axb5 axb5 51. Qc5 Ke8 52. b4 Qa6
53. Kg1 Kf7 54. Qd5+ Ke8 55. Qc5 Kf8 56. Kg2 Kf7 57. Kg1 Ke8 58. g4 Qa4 59. Kg2
Kf7 60. Qd5+ Ke8 61. Qc6+ Kf7 62. Qd5+ Kf8 63. Qc5 Qa6 64. f4 Qa8+ 65. Kg3 gxf4+
66. exf4 Qb8 67. Kf3 Qb7+ 68. Ke3 Qa6 69. g5 fxg5 70. fxg5 1-0

[Event "Titled Tue 24th Jun Late"]
[Site "chess.com INT"]
[Date "2025.06.24"]
[Round "11"]
[White "Van Baar, Esper"]
[Black "Gruzman, Ilya"]
[Result "0-1"]
[WhiteTitle "FM"]
[BlackTitle "CM"]
[WhiteElo "2232"]
[BlackElo "2165"]
[WhiteFideId "1049321"]
[BlackFideId "2812703"]
[EventDate "2025.06.24"]

1. c4 c6 2. d4 d5 3. cxd5 cxd5 4. Nf3 Nc6 5. Nc3 Nf6 6. Bf4 a6 7. e3 Bf5 8. Bd3
Bxd3 9. Qxd3 e6 10. O-O Be7 11. Rfc1 O-O 12. Ne5 Nxe5 13. Bxe5 Nd7 14. Bg3 Rc8
15. h3 b5 16. a4 b4 17. Ne2 Qa5 18. Rxc8 Rxc8 19. Nc1 Qb6 20. Nb3 Rc4 21. Nd2
Rc6 22. Nb3 h6 23. Qd2 Bf6 24. Rc1 Be7 25. Rc2 Rc4 26. Qc1 Qc6 27. Nc5 Rxc2 28.
Qxc2 Bxc5 29. dxc5 Qxc5 30. Qe2 Qc4 31. Kf1 Qxe2+ 32. Kxe2 Nc5 33. a5 Na4 34. b3
Nc3+ 35. Kd3 Ne4 36. Kd4 Kf8 37. Bh2 Ke7 38. f3 Nd2 39. Kc5 Nxb3+ 40. Kxb4 Nd2
41. Kc5 Nc4 42. Bc7 f5 43. e4 fxe4 44. fxe4 Kd7 45. exd5 exd5 46. Kxd5 Kxc7 47.
Kxc4 Kc6 48. g3 g6 49. g4 g5 50. Kb4 Kd5 51. Kb3 Kc5 52. Kc3 Kb5 53. Kd4 Kxa5
54. Ke5 Kb5 55. Kf6 a5 56. Kg6 a4 57. Kxh6 a3 58. Kxg5 a2 59. h4 a1=Q 60. h5 Kc5
61. h6 Kd6 62. Kg6 Ke6 63. g5 Qe5 64. Kh5 Qh8 65. g6 Kf6 66. h7 Qg7 0-1

[Event "Titled Tue 24th Jun Late"]
[Site "chess.com INT"]
[Date "2025.06.24"]
[Round "11"]
[White "Gimeno Martos, Roberto"]
[Black "Chen, Yidong"]
[Result "1/2-1/2"]
[WhiteTitle "CM"]
[WhiteElo "2090"]
[BlackElo "2074"]
[WhiteFideId "2226804"]
[BlackFideId "8607028"]
[EventDate "2025.06.24"]

1. e4 c5 2. Nc3 d6 3. g3 Nc6 4. Bg2 g6 5. d3 Bg7 6. Be3 e6 7. Qd2 Nd4 8. Nd1 h6
9. c3 Nc6 10. Ne2 Nge7 11. O-O b6 12. d4 cxd4 13. Nxd4 Bb7 14. Nb5 Nc8 15. Bf4
e5 16. Be3 a6 17. Na3 b5 18. f4 exf4 19. Bxf4 g5 20. Be3 Ne5 21. Nf2 Nb6 22. Nd3
Nbc4 23. Nxc4 Nxc4 24. Qf2 O-O 25. Bd4 Ne5 26. Nxe5 Bxe5 27. Rae1 Kg7 28. Qf5
Qe7 29. Bxe5+ dxe5 30. Rd1 Bc8 31. Qf2 Be6 32. Qe3 Bxa2 33. Bh3 Be6 34. Bf5 Rad8
35. Rde1 Rd6 36. Qf3 Rfd8 37. g4 Rd3 38. Re3 Qa7 39. Re1 Rxe3 40. Qxe3 Qxe3+ 41.
Rxe3 Rd2 42. Bxe6 fxe6 43. Re1 Rxb2 44. Ra1 Rc2 45. Rxa6 Rxc3 46. Rxe6 b4 47.
Rxe5 b3 48. Rb5 Rc1+ 49. Kf2 Rc2+ 50. Ke3 b2 51. Kd3 Rxh2 52. e5 Kf7 53. Ke4 Rf2
54. Rb7+ Ke6 55. Rb6+ Ke7 56. e6 Rf4+ 57. Ke5 Rxg4 58. Rb7+ Ke8 59. Rxb2 Rg1 60.
Rd2 Re1+ 61. Kd6 h5 62. Rd5 g4 63. Rxh5 Rd1+ 64. Ke5 Re1+ 65. Kf6 Rf1+ 66. Kg5
Ke7 67. Rh8 Kxe6 68. Rh6+ Ke5 69. Rh4 Rg1 70. Rxg4 Rxg4+ 71. Kxg4 1/2-1/2

[Event "Titled Tue 24th Jun Late"]
[Site "chess.com INT"]
[Date "2025.06.24"]
[Round "11"]
[White "Lazavik, Denis"]
[Black "Murzin, Volodar"]
[Result "1-0"]
[WhiteTitle "GM"]
[BlackTitle "GM"]
[WhiteElo "2580"]
[BlackElo "2666"]
[WhiteFideId "13515110"]
[BlackFideId "44155573"]
[EventDate "2025.06.24"]

1. d4 d5 2. c4 c6 3. Nf3 Nf6 4. Qc2 g6 5. cxd5 cxd5 6. Bf4 Nc6 7. Nc3 Bg7 8. e3
O-O 9. Be2 Bf5 10. Qb3 Na5 11. Qb4 a6 12. O-O Rc8 13. Rfc1 b5 14. a4 Nc6 15. Qb3
Na5 16. Qa3 Nc4 17. Qb4 bxa4 18. Nxa4 a5 19. Qe1 Nh5 20. Bg3 Nxg3 21. hxg3 Bd7
22. b3 Nd6 23. Nc5 Bg4 24. Qxa5 Qxa5 25. Rxa5 Bxf3 26. gxf3 e6 27. b4 Rfd8 28.
b5 e5 29. Ra4 exd4 30. exd4 Nf5 31. Bd3 Bxd4 32. Nb3 Rxc1+ 33. Nxc1 Bb2 34. Bxf5
Bxc1 35. Bd3 Rb8 36. Ra6 Bb2 37. Rd6 Bd4 38. Rxd5 Bb6 39. Rd6 Kf8 40. Bc4 Ke7
41. Rc6 Bd8 42. Kg2 Rb6 43. Rc5 h5 44. Re5+ Kf8 45. Rd5 Ke7 46. Rd2 Rf6 47. Re2+
Kf8 48. f4 Bb6 49. Rd2 Ke7 50. Bd5 Rd6 51. Re2+ Kf8 52. Bc6 Kg7 53. Ra2 Bc5 54.
Be4 Rd4 55. Bc6 Rb4 56. Rc2 Bb6 57. Re2 Kf6 58. Be8 Rb3 59. Rd2 Ke7 60. Bc6 Kf8
61. Re2 Rb4 62. Bd7 Kg7 63. Be8 Kf8 64. Kh3 Kg7 65. Bc6 Kf8 66. Bd7 Kg7 67. f5
g5 68. Kg2 Kf6 69. Be8 h4 70. Rc2 Bd4 71. Bd7 hxg3 72. Kxg3 1-0

[Event "Titled Tue 24th Jun Late"]
[Site "chess.com INT"]
[Date "2025.06.24"]
[Round "11"]
[White "Da Silva Borges, Rodrigo"]
[Black "Brady, Tyson"]
[Result "0-1"]
[BlackTitle "CM"]
[WhiteElo "2169"]
[BlackElo "2170"]
[WhiteFideId "2115778"]
[BlackFideId "30970369"]
[EventDate "2025.06.24"]

1. e4 c5 2. Nf3 g6 3. d4 cxd4 4. Nxd4 Nc6 5. Nc3 Bg7 6. Be3 Nf6 7. Nxc6 bxc6 8.
e5 Ng8 9. Bd4 Qc7 10. f4 f6 11. Bc4 fxe5 12. fxe5 Bxe5 13. O-O Nf6 14. Re1 Bxd4+
15. Qxd4 Qb6 16. Rad1 Kd8 17. Na4 Qxd4+ 18. Rxd4 Rb8 19. Nc5 d6 20. Bb3 Re8 21.
h3 Kc7 22. Ne6+ Bxe6 23. Rxe6 Nd7 24. Rh4 Nc5 25. Re3 Nxb3 26. axb3 h5 27. g4
Rb4 28. Kg2 Kd7 29. Kg3 Rg8 30. c4 hxg4 31. hxg4 Rgb8 32. Rh7 Re8 33. Rg7 d5 34.
cxd5 cxd5 35. Rxg6 e5 36. Rg7+ Kd6 37. Rxa7 d4 38. Rd3 e4 39. Rd1 Rxb3+ 40. Kf4
Rf3+ 41. Kg5 d3 42. Ra6+ Kd5 43. Ra5+ Kd4 44. Ra4+ Kc5 45. Rc1+ Kd5 46. Ra5+ Kd4
47. Ra4+ Ke3 48. Re1+ Kf2 49. Rexe4 Rg8+ 50. Kh4 d2 51. Rad4 Kf1 52. Rxd2 Rf7
53. Ree2 Rh7+ 54. Kg3 Rhg7 55. Rf2+ Ke1 56. Rde2+ Kd1 57. Rd2+ Kc1 58. Rd4 Rb7
59. Rdf4 Rb3+ 60. R2f3 Rxb2 61. Rf1+ Kc2 62. R1f2+ Kb3 63. Rxb2+ Kxb2 64. Rf3
Kc2 65. Kf4 Kd2 66. Ke4 Ke2 67. Rf4 Rg5 68. Kd4 Rg8 69. Re4+ Kf3 0-1

[Event "Titled Tue 24th Jun Late"]
[Site "chess.com INT"]
[Date "2025.06.24"]
[Round "11"]
[White "Bluebaum, Matthias"]
[Black "Chigaev, Maksim"]
[Result "1-0"]
[WhiteTitle "GM"]
[BlackTitle "GM"]
[WhiteElo "2663"]
[BlackElo "2635"]
[WhiteFideId "24651516"]
[BlackFideId "4108116"]
[EventDate "2025.06.24"]

1. d4 d5 2. c4 e6 3. Nc3 Be7 4. cxd5 exd5 5. Bf4 Nf6 6. e3 Bf5 7. Nf3 c6 8. Nh4
Be6 9. Bd3 Bd6 10. Nf3 O-O 11. Ne5 Qe7 12. O-O Nbd7 13. Bg3 Ne8 14. f4 f6 15.
Bxh7+ Kxh7 16. Qh5+ Kg8 17. Ng6 f5 18. Nxe7+ Bxe7 19. Qe2 Nd6 20. Rab1 Rae8 21.
a4 Bf6 22. Qd3 Bf7 23. b4 Nc4 24. Bf2 Nd6 25. Rfc1 Nb6 26. b5 Nbc4 27. bxc6 bxc6
28. Rb3 Bd8 29. Na2 Ne4 30. Be1 Nf6 31. Qe2 Bb6 32. Rd3 Bh5 33. Qf2 Ng4 34. Qh4
Bg6 35. Bf2 Re6 36. Nb4 Ba5 37. Nc2 Rb8 38. h3 Nf6 39. Ne1 Ne4 40. Nf3 Bd8 41.
Ng5 Nxg5 42. fxg5 Bc7 43. Rdd1 Re4 44. g4 fxg4 45. hxg4 Rf8 46. Rf1 Rfe8 47. Bg3
Bd8 48. Bf4 Nxe3 49. Bxe3 Rxe3 50. Rce1 R3e4 51. Rxe4 Rxe4 52. Qg3 Bb6 53. Qb8+
Re8 54. Qf4 c5 55. Qd6 Be4 56. Qd7 Bg6 57. Qc6 Kh7 58. Rf3 cxd4 59. Rh3+ Kg8 60.
Qxg6 d3+ 61. Kg2 Re2+ 62. Kf3 Re3+ 63. Kg2 Re2+ 64. Kg3 Re3+ 65. Kh4 d2 66. Rxe3
Bxe3 67. Qe8+ Kh7 68. Kh5 Bxg5 69. Qg6+ Kg8 70. Qe6+ Kh7 71. Qf5+ Kg8 72. Qxd5+
Kh7 73. Kxg5 1-0